[Event "Lippe Cup 06th"]
[Site "Lieme"]
[Date "2009.10.16"]
[Round "1"]
[White "Bentel, Armin"]
[Black "Dalbkermeier, Moritz"]
[Result "1-0"]
[WhiteElo "1523"]
[BlackElo "781"]
[PlyCount "45"]
[EventDate "2009.10.16"]
[EventType "swiss"]
[EventRounds "5"]
[EventCountry "GER"]
[SourceTitle "EXT 2013"]
[Source "ChessBase"]
[SourceDate "2012.11.22"]
[SourceVersion "1"]
[SourceVersionDate "2012.11.22"]
[SourceQuality "1"]

1. d4 d5 2. c4 Nf6 3. cxd5 Nxd5 4. e4 Nf6 5. Nc3 Nc6 6. Nf3 Ng4 7. Bf4 f6 8. Bc4 e5 9. dxe5 fxe5 10. Bg3 Bc5 11. 0-0 Nd4 12. Nxe5 Nxe5 13. Bxe5 Qg5 14. Bxd4 Bd6 15. e5 Bxe5 16. Bxe5 Qxe5 17. Re1 Qe7 18. Rxe7+ Kxe7 19. Qe2+ Kd8 20. Rd1+ Bd7 21. Qd3 Ke7 22. Qxd7+ Kf8 23. Qf7# 1-0